Building better lives (Record no. 110064)

MARC details
000 -LEADER
fixed length control field 01974cad a22002535a 4500
001 - CONTROL NUMBER
control field L148489
008 - FIXED-LENGTH DATA ELEMENTS--GENERAL INFORMATION
fixed length control field 090923s2009 xxkabdof 000 0 eng d
020 ## - INTERNATIONAL STANDARD BOOK NUMBER
International Standard Book Number 1862405786
035 ## - SYSTEM CONTROL NUMBER
System control number (Sirsi) u148489
041 0# - LANGUAGE CODE
Language code of text/sound track or separate title eng
050 04 - LIBRARY OF CONGRESS CALL NUMBER
Classification number 306.1 $2 18
110 2# - MAIN ENTRY--CORPORATE NAME
Corporate name or jurisdiction name as entry element Audit Commission
9 (RLIN) 5757
245 00 - TITLE STATEMENT
Title Building better lives
Remainder of title getting the best from strategic housing
Medium [electronic resource]
260 ## - PUBLICATION, DISTRIBUTION, ETC.
Place of publication, distribution, etc. London
Name of publisher, distributor, etc. Audit Commission
Date of publication, distribution, etc. 2009
505 2# - FORMATTED CONTENTS NOTE
Formatted contents note Summary -- Recommendations -- Introduction -- Why the strategic housing role matters -- How councils can perform the strategic housing role -- How well do councils perform the strategic housing role? -- Impact of the credit crunch and recession -- Conclusions -- Appendices: Appendix 1 - Methodology; Appendix 2 - Members of the External Advisory Group; Appendix 3 - Glossary; Appendix 4 - References; Appendix 5 - Public Service Agreement; Appendix 6 - Strategic approach to housing: key lines of enquiry (KLOE) -- Further reading
520 ## - SUMMARY, ETC.
Summary, etc. Reports the results of research carried out by the Audit Commission on the strategic housing function operated by councils. Finds that most councils still need help in understanding the benefits of a proper strategic housing function. Suggests that a proper housing management strategy can help councils secure funding as well as improve the quality of existing stock without spending significant sums of money. Provides recommendations for Communities and Local Government, the Homes and Communities Agency, the Tenant Services Authority, and councils.
521 ## - TARGET AUDIENCE NOTE
Target audience note Advanced
590 ## - LOCAL NOTE (RLIN)
Local note KA
650 24 - SUBJECT ADDED ENTRY--TOPICAL TERM
Topical term or geographic name entry element Affordable housing
9 (RLIN) 6215
651 #4 - SUBJECT ADDED ENTRY--GEOGRAPHIC NAME
Geographic name England
Chronological subdivision 886-
690 ## - LOCAL SUBJECT ADDED ENTRY--TOPICAL TERM (OCLC, RLIN)
Topical term or geographic name as entry element PROPERTY-RESIDENTIAL PROPERTY-DOMESTIC RESIDENTIAL PROPERTY-HOUSING
856 40 - ELECTRONIC LOCATION AND ACCESS
Uniform Resource Identifier <a href="https://www.audit-commission.gov.uk/SiteCollectionDocuments/AuditCommissionReports/NationalStudies/betterlives9sept2009rep.pdf">https://www.audit-commission.gov.uk/SiteCollectionDocuments/AuditCommissionReports/NationalStudies/betterlives9sept2009rep.pdf</a>
Public note View the item free of charge online at www.audit-commission.gov.uk...
942 ## - ADDED ENTRY ELEMENTS (KOHA)
Suppress in OPAC 0
Holdings
Withdrawn status Lost status Source of classification or shelving scheme Damaged status Not for loan Home library Current library Shelving location Date acquired Total Checkouts Full call number Barcode Date last seen Copy number Price effective from Koha item type
    Dewey Decimal Classification     Virtual Virtual Online 23/09/2009   ONLINE PUBLICATION 148489-1001 06/08/2019 1 06/08/2019 Book